<?xml version="1.0" encoding="UTF-8"?>
<marc:record xmlns:marc="http://www.loc.gov/MARC21/slim">
   <marc:leader>00000nam a2200000 a 4500</marc:leader>
   <marc:datafield ind1="1" ind2=" " tag="100">
      <marc:subfield code="a">Carcassonne</marc:subfield>
      <marc:subfield code="4">aut</marc:subfield>
      <marc:subfield code="e">Verfasser/-in</marc:subfield>
   </marc:datafield>
   <marc:datafield ind1="0" ind2="0" tag="245">
      <marc:subfield code="a">Hans im Glück</marc:subfield>
   </marc:datafield>
   <marc:datafield ind1="0" ind2="0" tag="245">
      <marc:subfield code="c">Carcassonne</marc:subfield>
   </marc:datafield>
   <marc:datafield ind1=" " ind2="1" tag="264">
      <marc:subfield code="a">München</marc:subfield>
      <marc:subfield code="b">Hans im Glück</marc:subfield>
   </marc:datafield>
   <marc:datafield ind1="1" ind2=" " tag="520">
      <marc:subfield code="a">Schwein gehabt! Oder Gans! Oder Pferd? Das Würfelglück entscheidet, wie viele eurer Plättchen ihr gegen andere eintauschen dürft. Doch Vorsicht: Hier kommt es nicht darauf an, den größten Besitz anzuhäufen, sondern das große Glück zu finden. Wer als Erster duch geschickte Tauschmanöver das vierblättrige Kleeblatt ergattert, gewinnt. &#xD;
Ein pfiffiges Tausch- und Sammelspiel.&#xD;
&#xD;
Für 2-4 Spieler ab 6 Jahren. Dauer: ca. 5-10 Minuten.</marc:subfield>
   </marc:datafield>
   <marc:datafield ind1=" " ind2=" " tag="041">
      <marc:subfield code="a">ger</marc:subfield>
   </marc:datafield>
</marc:record>
